<?xml version="1.0" encoding="UTF-8"?>
<record
    xmlns:xsi="http://www.w3.org/2001/XMLSchema-instance"
    xsi:schemaLocation="http://www.loc.gov/MARC21/slim http://www.loc.gov/standards/marcxml/schema/MARC21slim.xsd"
    xmlns="http://www.loc.gov/MARC21/slim">

  <leader>00678nam a2200181Ia 4500</leader>
  <controlfield tag="008">090123s9999    xx            000 0 und d</controlfield>
  <datafield tag="082" ind1=" " ind2=" ">
    <subfield code="b">25115</subfield>
  </datafield>
  <datafield tag="100" ind1=" " ind2=" ">
    <subfield code="a">"&#x930;&#x93E;&#x939;&#x947;&#x917;&#x93E;&#x902;&#x935;&#x915;&#x930;,&#x935;&#x93E;&#x921;&#x93F;&#x915;&#x930;"</subfield>
  </datafield>
  <datafield tag="245" ind1=" " ind2=" ">
    <subfield code="a">&#x91C;&#x94D;&#x91E;&#x93E;&#x928;&#x947;&#x936;&#x94D;&#x935;&#x930;&#x940; &#x905;&#x927;&#x94D;&#x92F;&#x93E;&#x92F; 12 &#x935;&#x93E;</subfield>
  </datafield>
  <datafield tag="250" ind1=" " ind2=" ">
    <subfield code="a">0</subfield>
  </datafield>
  <datafield tag="260" ind1=" " ind2=" ">
    <subfield code="b">&#x905;&#x92D;&#x92F; &#x92A;&#x94D;&#x930;&#x915;&#x93E;&#x936;&#x928;</subfield>
  </datafield>
  <datafield tag="300" ind1=" " ind2=" ">
    <subfield code="a">125</subfield>
  </datafield>
  <datafield tag="600" ind1=" " ind2=" ">
    <subfield code="a">"&#x930;&#x93E;&#x939;&#x947;&#x917;&#x93E;&#x902;&#x935;&#x915;&#x930;,&#x935;&#x93E;&#x921;&#x93F;&#x915;&#x930;"</subfield>
  </datafield>
  <datafield tag="630" ind1=" " ind2=" ">
    <subfield code="a">&#x91C;&#x94D;&#x91E;&#x93E;&#x928;&#x947;&#x936;&#x94D;&#x935;&#x930;&#x940; &#x905;&#x927;&#x94D;&#x92F;&#x93E;&#x92F; 12 &#x935;&#x93E;</subfield>
  </datafield>
  <datafield tag="700" ind1=" " ind2=" ">
    <subfield code="a">"&#x930;&#x93E;&#x939;&#x947;&#x917;&#x93E;&#x902;&#x935;&#x915;&#x930;,&#x935;&#x93E;&#x921;&#x93F;&#x915;&#x930;"</subfield>
  </datafield>
  <datafield tag="730" ind1=" " ind2=" ">
    <subfield code="a">&#x91C;&#x94D;&#x91E;&#x93E;&#x928;&#x947;&#x936;&#x94D;&#x935;&#x930;&#x940; &#x905;&#x927;&#x94D;&#x92F;&#x93E;&#x92F; 12 &#x935;&#x93E;</subfield>
  </datafield>
  <datafield tag="942" ind1=" " ind2=" ">
    <subfield code="c">BOOK</subfield>
  </datafield>
  <datafield tag="999" ind1=" " ind2=" ">
    <subfield code="c">63186</subfield>
    <subfield code="d">63186</subfield>
  </datafield>
  <datafield tag="952" ind1=" " ind2=" ">
    <subfield code="0">0</subfield>
    <subfield code="1">0</subfield>
    <subfield code="4">0</subfield>
    <subfield code="7">0</subfield>
    <subfield code="a">KALWAJAWAH</subfield>
    <subfield code="b">KALWAJAWAH</subfield>
    <subfield code="d">2002-03-31</subfield>
    <subfield code="g">50.00</subfield>
    <subfield code="l">0</subfield>
    <subfield code="o">25115</subfield>
    <subfield code="p">KLW-25115</subfield>
    <subfield code="r">2009-01-23 00:00:00</subfield>
    <subfield code="v">50.00</subfield>
    <subfield code="w">2009-01-23</subfield>
    <subfield code="y">BOOK</subfield>
  </datafield>
</record>
